Statistics for Random Word Generator Picture Quiz #5

Click here to take the quiz!

General Stats

  • This quiz has been taken 17 times
  • The average score is 7 of 12

Answer Stats

Answer% Correct
Fire
100%
Camera
93%
Sun
87%
Blood
80%
Drown
80%
Necklace
67%
Flower
60%
Storm
60%
Dress
53%
Street
33%
Monster
20%
Risk
7%

Score Distribution

Percentile by Number Answered

Percent of People with Each Score

Your Score History

You have not taken this quiz